| 000 | 00452cam a2200181ua 4500 | ||
|---|---|---|---|
| 020 | _cRs 12.50 | ||
| 041 |
_ahin _h |
||
| 082 |
_a891.54 _bDAR/KA |
||
| 100 | _aDarika Prasad, Saxena . | ||
| 245 |
_aKamayni: Bhashya / _cDarika Prasad Saxena. _hTextual Documents |
||
| 250 |
_a2 / _b. |
||
| 260 |
_aAgra : _bVinod Pusthak Mandir , _c1969. |
||
| 300 | _a654 ; . | ||
| 365 | _aRs 12.50 | ||
| 504 | _a | ||
| 942 | _cBK | ||
| 999 |
_c3695 _d3695 |
||